[Event "Manchester 05"]
[Site "Manchester"]
[Date "2015.05.07"]
[Round "1"]
[White "Hebert, Jean"]
[Black "Checa, Nicolas D"]
[Result "1-0"]
[WhiteElo "2381"]
[BlackElo "2349"]
[PlyCount "151"]
[GameId "1166659356250112"]
[EventDate "2015.05.07"]
[EventType "tourn"]
[EventRounds "9"]
[EventCountry "USA"]
[EventCategory "3"]
[SourceTitle "CBM 166 Extra"]
[Source "ChessBase"]
[SourceDate "2015.06.18"]
[SourceVersion "1"]
[SourceVersionDate "2015.06.18"]
[SourceQuality "1"]

1. Nf3 d5 2. g3 Nf6 3. Bg2 Bg4 4. c4 c6 5. Ne5 Be6 6. cxd5 Bxd5 7. Nf3 c5 8. Nc3 Bc6 9. O-O Nbd7 10. a3 e5 11. Rb1 a5 12. e3 c4 13. b3 b5 14. bxc4 bxc4 15. Ng5 Bxg2 16. Kxg2 Nc5 17. Qf3 Rc8 18. Rb5 h6 19. Nge4 Nfxe4 20. Nxe4 Nd3 21. Qf5 Be7 22. Rxe5 Nxe5 23. Qxe5 O-O 24. Bb2 f6 25. Qf5 Rb8 26. Bc3 Bxa3 27. Bxa5 Qd3 28. Bc3 Bb2 29. Qe6+ Kh8 30. Nc5 Qe2 31. Nd7 Rfe8 32. Qf7 Bxc3 33. Nxb8 Rxb8 34. dxc3 Qd3 35. Qa7 Rb3 36. Qd4 Qxc3 37. Rd1 Qxd4 38. Rxd4 Rc3 39. h4 Kg8 40. h5 Rc2 41. Kf3 c3 42. g4 Kf7 43. Rd7+ Kf8 44. Rc7 Kg8 45. Kg3 Kf8 46. f3 Rc1 47. Kf4 c2 48. Ke4 Ke8 49. Kf5 Rf1 50. Rxc2 Rxf3+ 51. Kg6 Rxe3 52. Rc8+ Kd7 53. Rg8 Ke7 54. Rxg7+ Kf8 55. Rf7+ Kg8 56. Rxf6 Re4 57. Kf5 Ra4 58. Rxh6 Kg7 59. Re6 Ra5+ 60. Re5 Ra7 61. Kg5 Kh7 62. h6 Ra6 63. Re7+ Kg8 64. Kh5 Rb6 65. g5 Ra6 66. g6 Ra5+ 67. Kg4 Ra4+ 68. Kf5 Ra5+ 69. Kf6 Ra6+ 70. Re6 Ra8 71. Rd6 Re8 72. Rd7 Kh8 73. Kf7 Rf8+ 74. Ke7 Rg8 75. Rd8 Rxd8 76. Kxd8 1-0

[Event "Manchester 05"]
[Site "Manchester"]
[Date "2015.05.11"]
[Round "9"]
[White "Brattain, Mika A"]
[Black "Hebert, Jean"]
[Result "1/2-1/2"]
[WhiteElo "2344"]
[BlackElo "2381"]
[PlyCount "89"]
[GameId "1166659356405760"]
[EventDate "2015.05.07"]
[EventType "tourn"]
[EventRounds "9"]
[EventCountry "USA"]
[EventCategory "3"]
[SourceTitle "CBM 166 Extra"]
[Source "ChessBase"]
[SourceDate "2015.06.18"]
[SourceVersion "1"]
[SourceVersionDate "2015.06.18"]
[SourceQuality "1"]

1. c4 Nf6 2. Nc3 c5 3. Nf3 Nc6 4. g3 d5 5. d4 e6 6. cxd5 exd5 7. Bg2 Be7 8. O-O cxd4 9. Nxd4 O-O 10. b3 Re8 11. Bb2 Bf8 12. Nxc6 bxc6 13. Rc1 Bg4 14. Qd3 Rc8 15. Rfe1 Bh5 16. Na4 Bb4 17. Bc3 Ba3 18. Bb2 Qe7 19. Qd4 Qb4 20. e3 Qxd4 21. exd4 Rxe1+ 22. Rxe1 Bb4 23. Rc1 Bg4 24. f3 Bf5 25. Bc3 Ba3 26. Bb2 Bb4 27. Kf2 h6 28. Bc3 Ba3 29. Bb2 Bxb2 30. Nxb2 Kf8 31. Bf1 Ke7 32. Ba6 Rc7 33. Na4 Kd6 34. Nc5 Bc8 35. Be2 a5 36. Bd3 Nd7 37. Ke3 Nb6 38. Kd2 Re7 39. Rb1 Ra7 40. Bc2 Nd7 41. Nxd7 Bxd7 42. Bd3 Bc8 43. Rc1 Ra8 44. Rc5 Bd7 45. Be2 1/2-1/2

[Event "WchT Seniors 50"]
[Site "Radebeul"]
[Date "2016.06.29"]
[Round "4.1"]
[White "Hebert, Jean"]
[Black "Vaganian, Rafael A"]
[Result "0-1"]
[WhiteElo "2370"]
[BlackElo "2577"]
[PlyCount "153"]
[GameId "1166660580790272"]
[EventDate "2016.06.26"]
[EventType "team-swiss"]
[EventRounds "9"]
[EventCountry "GER"]
[SourceTitle "CBM 173 Extra"]
[Source "ChessBase"]
[SourceDate "2016.08.29"]
[SourceVersion "1"]
[SourceVersionDate "2016.08.29"]
[SourceQuality "1"]
[WhiteTeam "Canada"]
[BlackTeam "Armenia"]
[WhiteTeamCountry "CAN"]
[BlackTeamCountry "ARM"]

1. Nf3 Nf6 2. g3 d5 3. Bg2 c6 4. O-O Bg4 5. d3 Nbd7 6. Qe1 e5 7. e4 dxe4 8. dxe4 Bc5 9. h3 Bxf3 10. Bxf3 O-O 11. Nd2 Qe7 12. Nb3 Bb6 13. Bd2 Rfd8 14. a4 Nc5 15. Bb4 a5 16. Nxa5 Qe6 17. Bxc5 Bxc5 18. Nxb7 Bd4 19. Bg2 Rdb8 20. Na5 Rxb2 21. Nb3 Rxc2 22. Nxd4 exd4 23. a5 g6 24. Qb4 Rc5 25. Qb6 Qe7 26. Rfd1 Rb5 27. Qxc6 Raxa5 28. Rxa5 Rxa5 29. Rxd4 Kg7 30. Rd1 g5 31. Qc3 Qc5 32. Qd2 h6 33. Rc1 Qa7 34. Kh2 Ra2 35. Rc2 Rxc2 36. Qxc2 Qd4 37. Qe2 Nd7 38. f4 Nc5 39. Qg4 Ne6 40. h4 Qe3 41. hxg5 hxg5 42. e5 Kf8 43. f5 Nd4 44. f6 Ne6 45. Qc4 Kg8 46. Be4 Qd2+ 47. Kh3 Qd7 48. Kh2 Qd2+ 49. Bg2 Qb2 50. Qe4 Qd2 51. Kg1 Qd1+ 52. Bf1 g4 53. Kf2 Ng5 54. Qe3 Qc2+ 55. Be2 Qf5+ 56. Kg2 Ne6 57. Bd3 Qh5 58. Qe4 Qh3+ 59. Kf2 Qh2+ 60. Kf1 Qh3+ 61. Kf2 Qh2+ 62. Kf1 Qh3+ 63. Ke2 Qh2+ 64. Kd1 Qg1+ 65. Kd2 Qf2+ 66. Be2 Qxg3 67. Qxg4+ Qxg4 68. Bxg4 Nd8 69. Ke3 Kh7 70. Bd7 Kg6 71. Kd4 Kg5 72. Kd5 Kf4 73. Be8 Kf5 74. Bd7+ Kf4 75. Bc8 Kg5 76. Bh3 Kf4 77. Bd7 0-1

[Event "Banff op"]
[Site "Banff CAN"]
[Date "2024.11.09"]
[Round "1.2"]
[White "Hebert, Jean"]
[Black "Russell, Wesley"]
[Result "1-0"]
[WhiteElo "2329"]
[BlackElo "1896"]
[PlyCount "105"]
[GameId "2160767905787309"]
[EventDate "2024.11.09"]
[EventType "swiss"]
[EventRounds "6"]
[EventCountry "CAN"]

1. Nf3 d5 2. c4 e6 3. d4 Nf6 4. Nc3 Be7 5. Bg5 O-O 6. e3 h6 7. Bh4 b6 8. Bxf6 Bxf6 9. cxd5 exd5 10. Be2 Bb7 11. O-O c5 12. Rc1 Nd7 13. b3 a6 14. Qd2 Rc8 15. Rfd1 Re8 16. dxc5 Bxc3 17. Rxc3 bxc5 18. b4 cxb4 19. Rxc8 Qxc8 20. Qxb4 Re6 21. Nd4 Rb6 22. Qa5 Qc5 23. Qd2 Ne5 24. Nb3 Qe7 25. Qd4 Rb4 26. Qc5 Qxc5 27. Nxc5 Rb2 28. Bf1 Ba8 29. e4 Rxa2 30. Nxa6 Nc4 31. Nc7 Bb7 32. exd5 Nd6 33. Nb5 Ra6 34. Nxd6 Rxd6 35. Bc4 Kf8 36. Rb1 Ba6 37. Ba2 Ke7 38. f3 Rd7 39. Rb6 Rd6 40. Rb4 Rd7 41. Kf2 Bb7 42. Rb5 Rc7 43. Ke3 Rd7 44. Kd4 Ba6 45. Rb6 Rd6 46. Rb1 Kd7 47. Kc5 Kc7 48. Re1 Kd7 49. Bb3 Rf6 50. Ba4+ Kd8 51. Re8+ Kc7 52. d6+ Kb7 53. Bc6+ 1-0

[Event "Banff op"]
[Site "Banff CAN"]
[Date "2024.11.09"]
[Round "2.2"]
[White "Lin, Leo"]
[Black "Hebert, Jean"]
[Result "1/2-1/2"]
[WhiteElo "2055"]
[BlackElo "2329"]
[PlyCount "115"]
[GameId "2160767905787319"]
[EventDate "2024.11.09"]
[EventType "swiss"]
[EventRounds "6"]
[EventCountry "CAN"]

1. e4 d6 2. d4 g6 3. f4 d5 4. e5 h5 5. Nf3 Nh6 6. Be3 c6 7. Bd3 Bf5 8. Nc3 e6 9. Bxf5 Nxf5 10. Bf2 Nd7 11. Qd3 Rc8 12. Ne2 c5 13. O-O cxd4 14. Nexd4 Nc5 15. Qe2 Nxd4 16. Bxd4 a6 17. Rfd1 b5 18. Rac1 Qc7 19. b3 Ne4 20. c4 Ba3 21. Bb2 Bxb2 22. Qxb2 Qb6+ 23. Qd4 Qxd4+ 24. Nxd4 dxc4 25. bxc4 b4 26. Ne2 Ke7 27. Rd4 Nc5 28. Rcd1 Rhd8 29. Rxd8 Rxd8 30. Rxd8 Kxd8 31. Kf2 Kc7 32. Ke3 Kb6 33. Nc1 a5 34. Kd4 a4 35. g3 Kc6 36. h3 Kb6 37. h4 b3 38. axb3 axb3 39. Kc3 Ne4+ 40. Kxb3 Nxg3 41. Kc3 Nf5 42. Nd3 Nxh4 43. Kd4 Nf5+ 44. Ke4 Kc7 45. Kf3 Nd4+ 46. Ke3 Nf5+ 47. Kf3 Kc6 48. Nf2 h4 49. Kg4 Ne3+ 50. Kxh4 Nxc4 51. Kg5 Nb6 52. Ne4 Nd7 53. Nf6 Nc5 54. Nh7 Nd3 55. Kf6 Nxf4 56. Kxf7 Kd5 57. Kf6 Nd3 58. Ng5 1/2-1/2

[Event "Banff op"]
[Site "Banff CAN"]
[Date "2024.11.10"]
[Round "3.2"]
[White "Hebert, Jean"]
[Black "Malek, Omid"]
[Result "1-0"]
[WhiteElo "2329"]
[BlackElo "2045"]
[PlyCount "104"]
[GameId "2160767905787329"]
[EventDate "2024.11.09"]
[EventType "swiss"]
[EventRounds "6"]
[EventCountry "CAN"]

1. Nf3 c5 2. c4 Nc6 3. e3 Nf6 4. Nc3 g6 5. d4 cxd4 6. exd4 d6 7. d5 Nb8 8. Nd4 Bg7 9. Be2 O-O 10. O-O Na6 11. Be3 Re8 12. f3 Nc7 13. Qd2 Bd7 14. Rad1 a6 15. a4 a5 16. g4 Na6 17. Nb3 b6 18. Nd4 Nc5 19. Qc2 Qc8 20. Rf2 Rf8 21. h3 Qe8 22. Ncb5 Rc8 23. b3 Na6 24. Qd2 Bxb5 25. axb5 Nc5 26. Rb1 Nfd7 27. Bf1 e5 28. dxe6 fxe6 29. Nc6 Ne5 30. Nxe5 Bxe5 31. Bg2 Rd8 32. f4 Bg7 33. Kh1 Qe7 34. Qc2 d5 35. cxd5 exd5 36. Bxc5 bxc5 37. Rd1 Bd4 38. Rff1 Kh8 39. Rde1 Qh4 40. Qd2 Qf6 41. Qd3 Qf7 42. f5 Qg7 43. fxg6 Rxf1+ 44. Rxf1 hxg6 45. b6 c4 46. bxc4 Bxb6 47. Bxd5 Bc7 48. Qe3 a4 49. Rf7 Qa1+ 50. Kg2 Qb2+ 51. Kf3 g5 52. Qd3 Qb6 1-0

[Event "Banff op"]
[Site "Banff CAN"]
[Date "2024.11.10"]
[Round "4.2"]
[White "Khaledi, Omid"]
[Black "Hebert, Jean"]
[Result "1/2-1/2"]
[WhiteElo "2216"]
[BlackElo "2329"]
[PlyCount "68"]
[GameId "2160767905787339"]
[EventDate "2024.11.09"]
[EventType "swiss"]
[EventRounds "6"]
[EventCountry "CAN"]

1. d4 Nf6 2. c4 e6 3. Nf3 b6 4. g3 Ba6 5. Qc2 Bb7 6. Bg2 c5 7. d5 exd5 8. cxd5 Bxd5 9. Nc3 Bxf3 10. Bxf3 Nc6 11. Qa4 Rc8 12. Bf4 Be7 13. O-O O-O 14. Rfd1 Qe8 15. Nb5 d5 16. Nc7 Rxc7 17. Bxc7 Qd7 18. Bf4 Qe6 19. Rd3 c4 20. Rdd1 Bc5 21. Bg5 Nd4 22. Kg2 b5 23. Qa5 Ne4 24. Be3 Bb6 25. Qa6 Nc5 26. Qa3 Nc2 27. Qc3 Nxa1 28. Bxd5 Qf5 29. Bxc5 Bxc5 30. Bf3 Bb6 31. Rxa1 Qc5 32. e3 Rd8 33. Rd1 Rxd1 34. Bxd1 Qd6 1/2-1/2

[Event "Banff op"]
[Site "Banff CAN"]
[Date "2024.11.11"]
[Round "5.1"]
[White "Hebert, Jean"]
[Black "Chiku-Ratte, Olivier-Kenta"]
[Result "1/2-1/2"]
[WhiteElo "2329"]
[BlackElo "2331"]
[PlyCount "65"]
[GameId "2160767905787348"]
[EventDate "2024.11.09"]
[EventType "swiss"]
[EventRounds "6"]
[EventCountry "CAN"]

1. Nf3 Nf6 2. c4 b6 3. d4 Bb7 4. Nc3 e6 5. a3 Bxf3 6. gxf3 g6 7. e4 Bg7 8. Bg5 h6 9. Be3 Nh5 10. h4 e5 11. dxe5 Bxe5 12. Qd2 Qf6 13. O-O-O Bxc3 14. Qxc3 Qxc3+ 15. bxc3 Nc6 16. c5 Ng7 17. f4 Ne6 18. Bb5 O-O-O 19. cxb6 axb6 20. Ba6+ Kb8 21. Bc4 f6 22. Rhg1 g5 23. fxg5 hxg5 24. Bxe6 dxe6 25. hxg5 fxg5 26. Rxd8+ Rxd8 27. Rxg5 e5 28. Kc2 Kb7 29. f4 exf4 30. Bxf4 Rd7 31. Rf5 Na5 32. e5 Kc6 33. e6 1/2-1/2

[Event "Banff op"]
[Site "Banff CAN"]
[Date "2024.11.11"]
[Round "6.3"]
[White "Eshraghi, Mahan"]
[Black "Hebert, Jean"]
[Result "0-1"]
[WhiteElo "1797"]
[BlackElo "2329"]
[PlyCount "73"]
[GameId "2160767905787360"]
[EventDate "2024.11.09"]
[EventType "swiss"]
[EventRounds "6"]
[EventCountry "CAN"]

1. e4 d6 2. d4 g6 3. Nf3 Bg7 4. Nc3 c6 5. a4 Nf6 6. Be2 O-O 7. O-O a5 8. h3 Na6 9. Be3 Qc7 10. Qd2 Nb4 11. Rac1 Re8 12. Rfd1 e5 13. dxe5 dxe5 14. Bc5 Bf8 15. Bxf8 Kxf8 16. Qh6+ Kg8 17. Bc4 Be6 18. Bxe6 Rxe6 19. Rd2 Rd8 20. Re2 Ree8 21. Re3 Nh5 22. Ne2 f6 23. g4 Ng7 24. Qh4 Qf7 25. b3 Ne6 26. Qh6 Rd7 27. Ng3 Red8 28. Ree1 Nf4 29. Kh2 Nxc2 30. Rg1 Nd4 31. Nxd4 Rxd4 32. g5 Rd2 33. Rcf1 R8d3 34. Qh4 fxg5 35. Qxg5 Qe6 36. Qh4 Rf3 37. Rg2 0-1

[Event "Germain Laplante op"]
[Site "Chambly CAN"]
[Date "2024.04.26"]
[Round "1.5"]
[White "Hebert, Jean"]
[Black "Peloquin, Charli"]
[Result "1-0"]
[WhiteElo "2407"]
[BlackElo "1937"]
[PlyCount "65"]
[GameId "2160767905989317"]
[EventDate "2024.04.26"]
[EventType "swiss"]
[EventRounds "5"]
[EventCountry "CAN"]

1. Nf3 d5 2. g3 g6 3. Bg2 Bg7 4. O-O c5 5. d4 cxd4 6. Nxd4 e5 7. Nb3 Ne7 8. Nc3 e4 9. f3 f5 10. fxe4 Qb6+ 11. Kh1 dxe4 12. Bg5 Be6 13. g4 Nbc6 14. gxf5 gxf5 15. Qd6 Bc4 16. Qg3 Be5 17. Qh4 Ng6 18. Qh6 Rf8 19. Rad1 Bxc3 20. bxc3 Qc7 21. Qh5 Qe5 22. Nd4 Rf7 23. Bh3 f4 24. Rg1 Nce7 25. Qg4 Rd8 26. Ne6 Rd5 27. Rd4 b5 28. a4 Nf5 29. Nxf4 Rxd4 30. cxd4 Qxd4 31. e3 Qe5 32. Rd1 Kf8 33. Rd8+ 1-0

[Event "Germain Laplante op"]
[Site "Chambly CAN"]
[Date "2024.04.27"]
[Round "2.5"]
[White "Lima-Barbosa, Raphael"]
[Black "Hebert, Jean"]
[Result "0-1"]
[WhiteElo "2001"]
[BlackElo "2407"]
[PlyCount "124"]
[GameId "2160767905989335"]
[EventDate "2024.04.26"]
[EventType "swiss"]
[EventRounds "5"]
[EventCountry "CAN"]

1. d4 Nf6 2. c4 e6 3. Nc3 Bb4 4. e3 Bxc3+ 5. bxc3 d6 6. Bd3 c5 7. e4 e5 8. d5 Nbd7 9. g4 Nf8 10. g5 Ng8 11. Nf3 h6 12. Rg1 Ng6 13. Be3 hxg5 14. Bxg5 Nf6 15. h4 Qa5 16. Qc2 Nh5 17. Kd2 Qc7 18. Ne1 f6 19. Be3 Nxh4 20. Be2 Qf7 21. Ng2 Nxg2 22. Rxg2 Bd7 23. Rh1 g6 24. Qb1 O-O-O 25. Qg1 Rhg8 26. Qh2 f5 27. Bxh5 gxh5 28. Bg5 Rdf8 29. Qxh5 Qxh5 30. Rxh5 fxe4 31. Rhh2 Kc7 32. Be3 Rxg2 33. Rxg2 Rf7 34. Kc2 a5 35. Kb3 a4+ 36. Kc2 b5 37. cxb5 Bxb5 38. Rg4 Bd3+ 39. Kb2 Kb6 40. Rg6 Rd7 41. Rg4 Kb5 42. Rg8 Ra7 43. Rd8 Ra6 44. Rc8 a3+ 45. Kc1 Bc4 46. Rc6 Bxa2 47. Kc2 Bxd5 48. Rxa6 Kxa6 49. Bg5 Kb5 50. Be7 Kc6 51. Bf8 a2 52. Kb2 Kd7 53. Bh6 Bc4 54. Bg7 Ke7 55. Ka1 Kf7 56. Bh8 Ke6 57. Bg7 d5 58. Bf8 d4 59. Bxc5 e3 60. cxd4 e2 61. d5+ Kxd5 62. Bb4 Ke4 0-1

[Event "Germain Laplante op"]
[Site "Chambly CAN"]
[Date "2024.04.27"]
[Round "3.3"]
[White "Hebert, Jean"]
[Black "Clyde, Jordan"]
[Result "1/2-1/2"]
[WhiteElo "2407"]
[BlackElo "2224"]
[PlyCount "132"]
[GameId "2160767905989353"]
[EventDate "2024.04.26"]
[EventType "swiss"]
[EventRounds "5"]
[EventCountry "CAN"]

1. Nf3 Nf6 2. g3 d6 3. d4 g6 4. Bg2 Bg7 5. O-O O-O 6. b3 e5 7. dxe5 Ng4 8. Bb2 Nc6 9. c4 dxe5 10. e4 Qxd1 11. Rxd1 Nd4 12. Nxd4 exd4 13. h3 Ne5 14. f4 Nc6 15. Na3 a6 16. Rd2 Be6 17. Rad1 Nb4 18. Bxd4 Bxd4+ 19. Rxd4 Nxa2 20. g4 Nc3 21. R1d2 b5 22. f5 Bc8 23. cxb5 axb5 24. Rc2 c5 25. Rd3 b4 26. Nc4 Ba6 27. Rdxc3 bxc3 28. Rxc3 Bxc4 29. Rxc4 Ra3 30. Rxc5 Rxb3 31. Kh2 Rd8 32. Rc2 g5 33. Re2 Rbd3 34. e5 Rd2 35. Re1 Kf8 36. e6 fxe6 37. Rxe6 Re8 38. Rxe8+ Kxe8 39. h4 h6 40. hxg5 hxg5 41. Kg3 Ke7 42. Bc6 Kd6 43. Be8 Ke5 44. Bh5 Rd3+ 45. Kg2 Ra3 46. Kf2 Ke4 47. Kg2 Rf3 48. Kg1 Kf4 49. Kg2 Ke3 50. Be8 Rf2+ 51. Kg3 Ke2 52. Bb5+ Ke1 53. Bc4 Rf4 54. Bf7 Kf1 55. Bg6 Rb4 56. Kf3 Kg1 57. Bh5 Kh2 58. Ke3 Kg3 59. f6 Rf4 60. f7 Kh4 61. Ke2 Kh3 62. Ke3 Kg3 63. Ke2 Rf3 64. Bg6 Rf6 65. Bh5 Kf4 66. Kf2 Rxf7 1/2-1/2

[Event "Germain Laplante op"]
[Site "Chambly CAN"]
[Date "2024.04.28"]
[Round "4.2"]
[White "Hebert, Jean"]
[Black "Duong, Thanh Nha"]
[Result "0-1"]
[WhiteElo "2407"]
[BlackElo "2293"]
[PlyCount "98"]
[GameId "2160767905989372"]
[EventDate "2024.04.26"]
[EventType "swiss"]
[EventRounds "5"]
[EventCountry "CAN"]

1. Nf3 d5 2. g3 Nc6 3. c4 dxc4 4. Qa4 Bd7 5. Qxc4 e5 6. d3 Nf6 7. Bg2 Bd6 8. a3 O-O 9. O-O Re8 10. Nbd2 Qc8 11. e3 Be6 12. Qc2 Bh3 13. b4 a6 14. Bb2 Bxg2 15. Kxg2 Qe6 16. e4 Nd7 17. Rac1 Rac8 18. Nc4 f6 19. Ne3 Nb6 20. Rfe1 Red8 21. Nf5 Bxb4 22. Re2 Bf8 23. d4 exd4 24. N3xd4 Nxd4 25. Nxd4 Qf7 26. Nf5 Re8 27. h4 h5 28. Re3 c5 29. Rb3 Nd7 30. Rd1 Ne5 31. Rc3 Rcd8 32. Rxd8 Rxd8 33. a4 c4 34. Re3 g6 35. Nd4 Bc5 36. Ne2 Bxe3 37. fxe3 Ng4 38. Bc1 Rd3 39. Nf4 Rb3 40. Qd1 Kh7 41. Qd6 Rc3 42. Qd2 Nxe3+ 43. Kg1 Rb3 44. Qd4 Ng4 45. Kg2 Qc7 46. Kh3 Rf3 47. Qd5 Rf2 48. Nxh5 f5 49. exf5 gxh5 0-1

[Event "Quebec-ch Senior"]
[Site "Montreal CAN"]
[Date "2024.04.19"]
[Round "1.1"]
[White "Gauthier, Denis"]
[Black "Hebert, Jean"]
[Result "0-1"]
[WhiteElo "1808"]
[BlackElo "2373"]
[PlyCount "48"]
[GameId "2160767905989466"]
[EventDate "2024.04.19"]
[EventType "swiss"]
[EventRounds "5"]
[EventCountry "CAN"]

1. d4 Nf6 2. c4 e6 3. Nf3 b6 4. a3 c5 5. d5 exd5 6. cxd5 g6 7. Nc3 Bg7 8. e4 O-O 9. Bd3 d6 10. O-O Bg4 11. h3 Bxf3 12. Qxf3 a6 13. a4 Nfd7 14. Qd1 Ra7 15. Re1 Re8 16. Bf4 Ne5 17. Bf1 g5 18. Bg3 Ng6 19. Qd2 h6 20. Rab1 Qf6 21. Be2 Nd7 22. Bg4 Nde5 23. Be2 Nf4 24. Bf1 Nxh3+ 0-1

[Event "Quebec-ch Senior"]
[Site "Montreal CAN"]
[Date "2024.04.20"]
[Round "2.1"]
[White "Hebert, Jean"]
[Black "Ali, Nehad"]
[Result "1-0"]
[WhiteElo "2373"]
[BlackElo "1910"]
[PlyCount "67"]
[GameId "2160767905989472"]
[EventDate "2024.04.19"]
[EventType "swiss"]
[EventRounds "5"]
[EventCountry "CAN"]

1. Nf3 d5 2. g3 Nf6 3. Bg2 e6 4. O-O Bd6 5. d3 O-O 6. Nbd2 Nbd7 7. e4 dxe4 8. dxe4 e5 9. Qe2 b6 10. Nc4 Ba6 11. a4 h6 12. Nh4 Re8 13. Nf5 Bf8 14. Rd1 Qc8 15. b3 Rb8 16. g4 Nh7 17. h4 Kh8 18. Bh3 Nc5 19. g5 g6 20. Qf3 gxf5 21. Bxf5 Ne6 22. Nxe5 Re7 23. Bb2 Bg7 24. g6 f6 25. Nc6 Qe8 26. Nxb8 Qxb8 27. gxh7 Qe8 28. Rd2 Nf8 29. Rad1 c5 30. Rd8 Qf7 31. R1d6 Bb7 32. Qg4 h5 33. Rxf6 hxg4 34. Rxf8+ 1-0

[Event "Quebec-ch Senior"]
[Site "Montreal CAN"]
[Date "2024.04.20"]
[Round "3.1"]
[White "Page, Denis"]
[Black "Hebert, Jean"]
[Result "0-1"]
[WhiteElo "1703"]
[BlackElo "2373"]
[PlyCount "110"]
[GameId "2160767905989476"]
[EventDate "2024.04.19"]
[EventType "swiss"]
[EventRounds "5"]
[EventCountry "CAN"]

1. e4 d6 2. Nc3 g6 3. Bc4 c6 4. d3 Nf6 5. Bd2 Bg7 6. f3 O-O 7. Qc1 d5 8. Bb3 a5 9. a3 Na6 10. Nge2 Nc5 11. Ba2 e5 12. O-O Be6 13. b4 Ncd7 14. Nd1 axb4 15. axb4 Nb6 16. Bb3 Rxa1 17. Qxa1 dxe4 18. Bxe6 exd3 19. cxd3 fxe6 20. Qxe5 Qxd3 21. Qxe6+ Kh8 22. Qe3 Qa6 23. Nf4 Nfd5 24. Qe4 Nc4 25. Bc1 Nd6 26. Nxg6+ hxg6 27. Qxg6 Nf7 28. Re1 Qc4 29. Qh5+ Kg8 30. Nf2 Qc3 31. Kf1 Qc4+ 32. Kg1 Qxb4 33. Re4 Qb1 34. Re1 Nf4 35. Qc5 Nd5 36. Bd2 Qg6 37. Ng4 Qd3 38. Qc1 Nd6 39. Bh6 Qc3 40. Qb1 Re8 41. Rxe8+ Nxe8 42. h4 Qb4 43. Qg6 Qe1+ 44. Kh2 Qxh4+ 45. Kg1 Qe1+ 46. Kh2 Qe7 47. Bg5 Qd6+ 48. Qxd6 Nxd6 49. Nf2 b5 50. g4 b4 51. Nd3 b3 52. f4 c5 53. f5 c4 54. f6 cxd3 55. fxg7 b2 0-1

[Event "Quebec-ch Senior"]
[Site "Montreal CAN"]
[Date "2024.04.21"]
[Round "4.1"]
[White "Hebert, Jean"]
[Black "Landry, Sylvain"]
[Result "1-0"]
[WhiteElo "2373"]
[BlackElo "1858"]
[PlyCount "103"]
[GameId "2160767905989481"]
[EventDate "2024.04.19"]
[EventType "swiss"]
[EventRounds "5"]
[EventCountry "CAN"]

1. Nf3 d5 2. g3 g6 3. Bg2 Bg7 4. O-O e5 5. d3 Nc6 6. Nbd2 Nge7 7. e4 O-O 8. c3 h6 9. b4 d4 10. cxd4 Nxd4 11. Bb2 Nec6 12. Nxd4 Nxd4 13. Nb3 Nxb3 14. Qxb3 Be6 15. Qc3 Qd7 16. f4 f6 17. a3 c6 18. Rad1 Rad8 19. Qc5 b6 20. Qc2 Rc8 21. Bc3 c5 22. Qb2 cxb4 23. axb4 Qc7 24. Rc1 Qd6 25. d4 exd4 26. Bxd4 Rxc1 27. Rxc1 Bf7 28. b5 Rd8 29. Be3 Qd3 30. Kf2 Rd7 31. Bf3 Qb3 32. Rc8+ Kh7 33. Qxb3 Bxb3 34. f5 g5 35. Bh5 Bf7 36. Bxf7 Rxf7 37. Bd4 Bf8 38. Rc6 Kg7 39. g4 Ba3 40. Ke3 Bb4 41. e5 fxe5 42. Bxe5+ Kh7 43. Ke4 Bf8 44. Rc7 Kg8 45. Rxf7 Kxf7 46. Kd5 Bc5 47. Bb8 Ke7 48. Kc6 h5 49. h3 Kf6 50. Bxa7 Ke5 51. Bxb6 Bxb6 52. Kxb6 1-0

[Event "Quebec-ch Senior"]
[Site "Montreal CAN"]
[Date "2024.04.21"]
[Round "5.1"]
[White "Duong, Thanh Nha"]
[Black "Hebert, Jean"]
[Result "0-1"]
[WhiteElo "2324"]
[BlackElo "2373"]
[PlyCount "66"]
[GameId "2160767905989486"]
[EventDate "2024.04.19"]
[EventType "swiss"]
[EventRounds "5"]
[EventCountry "CAN"]

1. e4 d6 2. d4 g6 3. Nc3 c6 4. a4 a5 5. Bc4 Bg7 6. Be3 Nf6 7. f3 d5 8. exd5 cxd5 9. Bb5+ Nc6 10. Nge2 O-O 11. Qd2 Nb4 12. g4 Bd7 13. g5 Ne8 14. Bf4 Rc8 15. Rc1 Bxb5 16. Nxb5 Nc6 17. Qe3 Qb6 18. Kf2 e6 19. c3 Na7 20. Nxa7 Qxa7 21. h4 Qb6 22. h5 Nd6 23. Be5 Nc4 24. Qf4 Nxe5 25. Qh4 Nd3+ 26. Kf1 Nxc1 27. Nf4 e5 28. Nxd5 Qe6 29. Nf6+ Kh8 30. hxg6 h6 31. Qh5 Qf5 32. gxf7 Rxf7 33. Kg2 Rxf6 0-1

[Event "Germain Laplante op"]
[Site "Chambly CAN"]
[Date "2023.04.28"]
[Round "1.2"]
[White "Chapdelaine, Gwyn"]
[Black "Hebert, Jean"]
[Result "1/2-1/2"]
[WhiteElo "1981"]
[BlackElo "2392"]
[PlyCount "92"]
[GameId "2160767907224479"]
[EventDate "2023.04.28"]
[EventType "swiss"]
[EventRounds "5"]
[EventCountry "CAN"]

1. d4 d5 2. Nf3 c6 3. c4 dxc4 4. g3 Nf6 5. Bg2 g6 6. Ne5 Be6 7. Na3 Bg7 8. Naxc4 O-O 9. O-O Bd5 10. f3 b5 11. Na3 b4 12. Nac4 Nfd7 13. e4 Bxc4 14. Nxc4 Nb6 15. Ne5 c5 16. dxc5 Bxe5 17. cxb6 Qxb6+ 18. Kh1 Nc6 19. f4 Rad8 20. Qf3 Bg7 21. Be3 Bd4 22. Bxd4 Nxd4 23. Qf2 e5 24. fxe5 Qe6 25. Qf6 Nc6 26. Qxe6 fxe6 27. Bh3 Rd2 28. Bxe6+ Kg7 29. Rxf8 Kxf8 30. Rf1+ Ke7 31. Bd5 Nxe5 32. Kg1 Rxb2 33. Rf2 Rb1+ 34. Kg2 h5 35. h3 a5 36. Bb3 Re1 37. Rd2 Rxe4 38. Rd5 Kf6 39. Rxa5 Re2+ 40. Kf1 Re3 41. Kf2 Rc3 42. Rb5 h4 43. gxh4 Rf3+ 44. Kg2 Rf4 45. Kg3 Rf3+ 46. Kg2 Rf4 1/2-1/2

[Event "Germain Laplante op"]
[Site "Chambly CAN"]
[Date "2023.04.29"]
[Round "2.5"]
[White "Hebert, Jean"]
[Black "Marcone, Malcom"]
[Result "1-0"]
[WhiteElo "2392"]
[BlackElo "1976"]
[PlyCount "77"]
[GameId "2160767907224490"]
[EventDate "2023.04.28"]
[EventType "swiss"]
[EventRounds "5"]
[EventCountry "CAN"]

1. Nf3 e6 2. g3 b6 3. Bg2 Bb7 4. O-O d5 5. d3 Nf6 6. Nbd2 c5 7. c3 Be7 8. e4 Nc6 9. a3 a5 10. Re1 O-O 11. e5 Nd7 12. h4 Ba6 13. Nf1 Ra7 14. a4 b5 15. axb5 Bxb5 16. Bf4 Qb6 17. b3 d4 18. c4 Ba6 19. N1d2 Rb8 20. Qe2 Bb7 21. Ne4 Nd8 22. Nfd2 Bc6 23. Qg4 Kh8 24. Ng5 Bxg5 25. Qxg5 Bxg2 26. Kxg2 Nc6 27. Ne4 Qxb3 28. Rad1 a4 29. Qh5 Nd8 30. Bg5 Kg8 31. Bf6 gxf6 32. exf6 Nxf6 33. Nxf6+ Kf8 34. Qxc5+ Re7 35. Nxh7+ Ke8 36. Nf6+ Kf8 37. Nd7+ Ke8 38. Nxb8 Qxb8 39. Qxd4 1-0

[Event "Germain Laplante op"]
[Site "Chambly CAN"]
[Date "2023.04.29"]
[Round "3.2"]
[White "Hebert, Jean"]
[Black "Li, Yi Lin"]
[Result "1-0"]
[WhiteElo "2392"]
[BlackElo "2030"]
[PlyCount "73"]
[GameId "2160767907224497"]
[EventDate "2023.04.28"]
[EventType "swiss"]
[EventRounds "5"]
[EventCountry "CAN"]

1. Nf3 d5 2. c4 e6 3. d4 Nf6 4. Nc3 Nbd7 5. Bg5 Bb4 6. e3 c5 7. cxd5 exd5 8. Bd3 Qa5 9. Qc2 c4 10. Bf5 O-O 11. O-O Re8 12. Nd2 g6 13. Bh3 Ne4 14. Ndxe4 dxe4 15. Nxe4 Qd5 16. Bxd7 Rxe4 17. Bxc8 Rxc8 18. Bf4 Rc6 19. Rad1 g5 20. f3 Re8 21. e4 Qa5 22. d5 Bc5+ 23. Kh1 Rg6 24. Bg3 Qxa2 25. d6 Rd8 26. e5 b5 27. Rd5 Be3 28. Re1 Bf4 29. Rxb5 Bxg3 30. hxg3 Re6 31. Qd2 h6 32. f4 Qa4 33. Rd5 f6 34. f5 Rxe5 35. Rdxe5 fxe5 36. Qd5+ Kf8 37. Qxe5 1-0